Harvard business essentials : (Record no. 10167)

MARC details
000 -LEADER
fixed length control field 00672nam a22001937a 4500
003 - CONTROL NUMBER IDENTIFIER
control field OSt
005 - DATE AND TIME OF LATEST TRANSACTION
control field 20260502021334.0
008 - FIXED-LENGTH DATA ELEMENTS--GENERAL INFORMATION
fixed length control field 260502b |||||||| |||| 00| 0 eng d
020 ## - INTERNATIONAL STANDARD BOOK NUMBER
International Standard Book Number 1-59139-113-X
040 ## - CATALOGING SOURCE
Original cataloging agency DWCL-Main lib.
Transcribing agency OC
082 ## - DEWEY DECIMAL CLASSIFICATION NUMBER
Classification number Circ. 651.7 H339 2003
100 ## - MAIN ENTRY--PERSONAL NAME
Personal name Harvard Business Essentials
245 ## - TITLE STATEMENT
Title Harvard business essentials :
Remainder of title business communication/
Statement of responsibility, etc. Harvard Business Essentials
260 ## - PUBLICATION, DISTRIBUTION, ETC.
Place of publication, distribution, etc. Boston, Massachusetts :
Name of publisher, distributor, etc. Harvard Business School Press,
Date of publication, distribution, etc. c2003
300 ## - PHYSICAL DESCRIPTION
Extent xi, 162 pages ;
Dimensions 23 cm.
504 ## - BIBLIOGRAPHY, ETC. NOTE
Bibliography, etc. note Includes bibliographical refernces and index
650 ## - SUBJECT ADDED ENTRY--TOPICAL TERM
Topical term or geographic name entry element 1. Business communication
942 ## - ADDED ENTRY ELEMENTS (KOHA)
Source of classification or shelving scheme Dewey Decimal Classification
Koha item type Book Circulation
Classification part Circ.
Suppress in OPAC No
952 ## - LOCATION AND ITEM INFORMATION (KOHA)
--
Holdings
Withdrawn status Lost status Source of classification or shelving scheme Damaged status Not for loan Home library Current library Shelving location Date acquired Cost, normal purchase price Total Checkouts Full call number Barcode Date last seen Copy number Price effective from Koha item type Uniform Resource Identifier
    Dewey Decimal Classification     College Library College Library Circulation 05/27/2005 0.00   Circ. 651.7 H339 2003 CL41942 05/02/2026 c1 05/02/2026 BK-CIRC